Eredivisie Top 4 - Statistics

General Stats
  • This quiz has been taken 102 times
  • The average score is 14 of 24
Answer Stats
Hint Answer % Correct
2024-2025 Ajax
100%
2024-2025 Feyenoord
99%
2024-2025 PSV
99%
2023-2024 AZ Alkmaar
97%
2023-2024 FC Twente
92%
FC Groningen
86%
2024-2025 FC Utrecht
85%
SC Heerenveen
78%
Sparta Rotterdam
78%
Vitesse
75%
ADO Den Haag
74%
NAC Breda
71%
Willem II
70%
Go Ahead Eagles
51%
Roda JC
51%
VVV Venlo
47%
MVV Maastricht
45%
HFC Haarlem
39%
DOS
24%
DWS
20%
Blauw Wit
15%
SC Enschede
13%
Rapid JC
9%
Fortuna '54
6%
No matching quizzes found
Score Distribution
Percent of People with Each Score
Percentile by Number Answered
Your Score History
You have not taken this quiz